|
|
|
|
| LEADER |
01284nom a2200361 u 4500 |
| 001 |
10073442 |
| 003 |
upatras |
| 005 |
20210416092955.0 |
| 008 |
090513s2006 eng |
| 952 |
|
|
|0 0
|1 0
|4 0
|7 0
|9 74898
|a LISP
|b LISP
|d 2016-04-24
|l 0
|r 2016-04-24 00:00:00
|w 2016-04-24
|y ERS
|
| 999 |
|
|
|c 49687
|d 49687
|
| 020 |
|
|
|a 9781402046704
|
| 040 |
|
|
|a GR-PaULI
|c GR-PaULI
|
| 041 |
0 |
|
|a eng
|
| 100 |
1 |
|
|a KATZIR, SHAUL
|9 72460
|
| 245 |
1 |
0 |
|a THE BEGINNINGS OF PIEZOELECTRICITY
|h [electronic resource]
|b A Study in Mundane Physics
|c edited by SHAUL KATZIR
|
| 260 |
|
|
|a Dordrecht
|b Springer
|c 2006
|
| 300 |
|
|
|b v.: digital
|
| 490 |
0 |
|
|a BOSTON STUDIES IN PHILOSOPHY OF SCIENCE
|v 246
|
| 650 |
|
4 |
|a Philosophy
|9 11224
|
| 650 |
|
4 |
|a Particles (Nuclear physics)
|9 19607
|
| 650 |
|
4 |
|a Crystallography
|9 10106
|
| 650 |
|
4 |
|a Φυσική
|x Ιστορία
|9 65264
|
| 650 |
|
4 |
|a Philosophy
|9 11224
|
| 650 |
|
4 |
|a Philosophy of Science
|9 63997
|
| 650 |
|
4 |
|a History of Science
|9 68161
|
| 650 |
|
4 |
|a Solid State Physics and Spectroscopy
|9 64425
|
| 650 |
|
4 |
|a Crystallography
|9 10106
|
| 650 |
|
4 |
|a History of Physics
|9 65266
|
| 760 |
1 |
|
|a BOSTON STUDIES IN PHILOSOPHY OF SCIENCE
|g 246
|
| 852 |
|
|
|a GR-PaULI
|b ΠΑΤΡΑ
|b ΒΚΠ
|
| 856 |
4 |
0 |
|u http://dx.doi.org/10.1007/978-1-4020-4670-4
|
| 942 |
|
|
|2 ddc
|c ERS
|